| 000 | 00707nam a2200253Ia 4500 | ||
|---|---|---|---|
| 003 | OSt | ||
| 005 | 20221002054234.0 | ||
| 006 | a|||||r|||| 00| 0 | ||
| 007 | ta | ||
| 008 | 220930b |||||||| |||| 00| 0 eng d | ||
| 024 | _a61881 | ||
| 037 | _cReference Collections | ||
| 040 |
_aCRL _cCRL _beng |
||
| 041 |
_2eng _aeng |
||
| 082 | _aS:7:6, K83(RR) | ||
| 100 |
_aSnider James G _9575690 |
||
| 245 | 0 |
_aSemantic diffenential technique _b A source book |
|
| 260 | _c1968 | ||
| 300 |
_avp. _ccm. |
||
| 650 | _aPSYCHOLOGY | ||
| 700 |
_a Osgood Charles Ed. _9575691 |
||
| 942 |
_hS:7:6, K83(RR) _cref _2CC |
||
| 999 |
_c924368 _d924368 |
||